भारत का ब्रिटिश कालीन इतिहास / (Record no. 48547)

MARC details
000 -LEADER
fixed length control field 01820nam a22003017a 4500
005 - DATE AND TIME OF LATEST TRANSACTION
control field 20101102143642.0
008 - FIXED-LENGTH DATA ELEMENTS--GENERAL INFORMATION
fixed length control field 101102t xxu||||| |||| 00| 0 hin d
010 ## - LCCN (DPL NO)
LC control number HIN-90941 B-436771-772
020 ## - INTERNATIONAL STANDARD BOOK NUMBER
Terms of availability 450.00
International Standard Book Number 8188536629
035 ## - SYSTEM CONTROL NUMBER
System control number HN-63287 B-436771-772
037 ## - SOURCE OF ACQUISITION
Source of stock number/acquisition DBAD / PUB
037 ## - SOURCE OF ACQUISITION
Source of stock number/acquisition RBC/Ven
040 ## - CATALOGING SOURCE
Original cataloging agency DPL
Language of cataloging HN
082 ## - DEWEY DECIMAL CLASSIFICATION NUMBER
Classification number 954.08
100 ## - MAIN ENTRY--PERSONAL NAME
9 (RLIN) 24105
245 ## - TITLE STATEMENT
Title भारत का ब्रिटिश कालीन इतिहास /
Statement of responsibility, etc हरि एम. चौगांवकर एवं नंदा एच. दास द्वारा संपादित
260 ## - PUBLICATION, DISTRIBUTION, ETC. (IMPRINT)
Place of publication, distribution, etc दिल्ली
Name of publisher, distributor, etc गुरूकुल विद्यापीठ प्रकाशन
Date of publication, distribution, etc 2010
270 ## - ADDRESS
Address सी-9/96 यमुना विहार
City दिल्ली
Postal code 110053
300 ## - PHYSICAL DESCRIPTION
Extent 344पृ.
Dimensions 22सेमी (सजिल्द)
650 ## - SUBJECT ADDED ENTRY--TOPICAL TERM
9 (RLIN) 1169
700 ## - ADDED ENTRY--PERSONAL NAME
9 (RLIN) 24106
Personal name चौगांवकर, हरि एम.
700 ## - ADDED ENTRY--PERSONAL NAME
9 (RLIN) 24111
Personal name नंदा एच.दास
942 ## - ADDED ENTRY ELEMENTS (KOHA)
Source of classification or shelving scheme Dewey Decimal Classification
Item type Hindi Books
Classification part 954.08
Call number suffix भारत
Holdings
Withdrawn status Lost status Source of classification or shelving scheme Damaged status Not for loan Collection code Home library Current library Date acquired Source of acquisition Cost, normal purchase price Total Checkouts Full call number Barcode Date last seen Copy number Cost, replacement price Koha item type Total Renewals
    Dewey Decimal Classification     Non-fiction Bawana Bawana 14/06/2011 RBC/22669/26.3.11/82/15.3.11/31.3.11 450.00 6 954.08 भारत B-436772 18/08/2022 1 450.00 Hindi Books 3
    Dewey Decimal Classification   Not For Loan Non-fiction D.B.Act.Division D.B.Act.Division 04/11/2010 DBAD / PUB 450.00   954.08 भारत HN-63287 04/11/2010 1 450.00 Hindi Books  
    Dewey Decimal Classification     Non-fiction Patel Nagar Patel Nagar 14/06/2011 RBC/22669/26.3.11/82/15.3.11/31.3.11 450.00   954.08 भारत B-436771 14/06/2011 1 450.00 Hindi Books  

© Delhi Public Library
Hit Counter
free hit counter